[Event "Presidents Cup "]
[Site "Elista"]
[Date "1998.05.10"]
[Round "2.1"]
[White "Georgiev, Kiril"]
[Black "Vaganian, Rafael A"]
[Result "1/2-1/2"]
[WhiteElo "2675"]
[BlackElo "2630"]
[Annotator "Tsesarsky,I"]
[PlyCount "82"]
[EventDate "1998.05.07"]
[EventType "k.o."]
[EventRounds "6"]
[EventCountry "RUS"]
[SourceTitle "CBM 065"]
[Source "ChessBase"]
[SourceDate "1998.08.06"]
[SourceVersion "1"]
[SourceVersionDate "1998.08.06"]
[SourceQuality "1"]

1. d4 d5 2. c4 e6 3. Nc3 Be7 4. cxd5 exd5 5. Bf4 c6 6. Qc2 Bd6 7. Bg3 (7. Bxd6
$1 Qxd6 8. e3 Nf6 (8... Qg6 9. Qd2 Ne7 (9... Nd7 10. Nge2 $1 (10. f3 $6 Nb6 11.
Bd3 Qh6 12. Qf2 Ne7 13. Nge2 Nf5 14. Nd1 O-O 15. O-O Re8 (15... Be6 16. e4 Ne7
17. Ng3 f5 18. exf5 Nxf5 19. Nxf5 Bxf5 20. Bxf5 Rxf5 $11 {1/2-1/2 Kramnik,
V-Belikov,V/RSFSR-ch Kuibishev 1990 (25)}) 16. Re1 Bd7 17. Nec3 Re7 18. e4 Rae8
19. Re2 Nh4 20. Rc2 Ng6 21. Ne2 $132) 10... Ngf6 11. Nf4 Qg5 12. Bd3 $14) 10.
Nge2 O-O 11. Ng3 Qd6 (11... Nd7 12. Bd3 Qh6 13. O-O Nf6 14. b4 $14 {
Azmaiparashvili,Z-Gomez Esteban,J/Toledo 1991/1-0 (55)}) 12. Bd3 Be6 13. O-O
Nd7 14. Rad1 f5 15. Nh5 Bf7 16. Nf4 $14 {Azmaiparashvili,Z-Petrosian,A/Erevan
1989/1-0 (51)}) 9. Bd3 Be6 10. Nge2 Nbd7 11. O-O O-O 12. Rfc1 Rfe8 13. Rab1 Nf8
14. b4 $14 {1-0 Beliavsky,A-Geller,E/Moscow izt 1982 (32)}) 7... Ne7 8. e3 Bf5
(8... Nf5 9. Bxd6 (9. Bd3 Nxg3 10. hxg3 h6 11. Nf3 (11. Nge2 Nd7 12. O-O-O Nf6
13. Kb1 Be6 14. Nf4 $14 {Stern,R-Sonntag,H/BL 1992/1-0 (47)}) 11... Nd7 12. g4
Nf8 13. g5 Bg4 14. g6 Qf6 15. gxf7+ Qxf7 16. Ne5 Bxe5 17. dxe5 g5 18. f3 Bd7
19. O-O-O $14 {Sakaev,K-Lputian,S/URS-ch58 Moscow 1991/1-0 (60)}) 9... Nxd6 10.
Nge2 Bf5 11. Qd2 Nd7 12. Ng3 Bg6 13. Be2 Nf6 14. O-O O-O 15. f3 Re8 16. Rfe1
Qb6 $132 {1/2-1/2 Dokhoian,Y-Neckar,L/Werfen op 1991 (26)}) 9. Bd3 (9. Qd2 O-O
10. Nf3 Ng6 11. Be2 Re8 12. Bxd6 Qxd6 13. h4 Nd7 14. h5 Ne7 15. Nh4 Be6 16. g4
Nf6 17. f3 Qg3+ 18. Kd1 $132 {Moskalenko,V-Kharitonov,A/Alushta2 1994/1/2-1/2 
(55)}) (9. Qb3 b5 $6 (9... Bxg3 10. hxg3 Qb6 11. Be2 $5 (11. Nf3 Nd7 12. Nh4
Qxb3 13. axb3 Be6 14. b4 O-O 15. Bd3 a6 $11 {Gulko,B-Lputian,S/Glendale
USA-ARM 1994/1/2-1/2 (49)}) (11. f3 Na6 12. g4 Bg6 13. Qxb6 (13. Kf2 Qxb3 14.
axb3 Nb4 15. Nh3 Bc2 $10 {Bareev,E-Petrosian,A/Moscow GMA-op 1989/1-0 (55)})
13... axb6 14. a3 {/\ Nh3+/= Bareev}) 11... Nd7 (11... Na6 12. g4 Bg6 13. Nh3 (
13. Bxa6 Qxa6 14. Nge2 Qb6 15. Nf4 Qxb3 16. axb3 a6 $11 {1/2-1/2 Yakovich,
Y-Burmakin,V/Petrov mem, St Petersburg RUS 1998 (28)}) (13. Nf3 f6 14. Na4 Qxb3
15. axb3 Nc7 16. Nc5 b6 17. Na6 Kd7 18. Kd2 $132 {Sadler,M-Lputian,S/32nd ol,
Yerevan ARM 1996/1/2-1/2 (53)}) 13... Nb4 14. Kd2 $5 $13 {Bareev}) 12. g4 $1
Qxb3 $5 (12... Be6 13. Nh3 O-O-O $6 (13... Qxb3 $5 14. axb3 a6 15. Ng5 $14 (15.
Nf4 $14)) 14. Qa3 $1 $16 {Bareev,E-Khalifman,A/URS-ch57 Leningrad 1990/1-0 (44)
}) 13. axb3 Ng6 14. b4 O-O 15. Nh3 a6 16. Nf4 Nf6 17. Nxg6 hxg6 {1/2-1/2
Dziuba,M-Grigoriants,S/EuYouth U14 Boys, Tallinn EST 1997}) 10. a4 b4 (10...
bxa4 11. Rxa4 $14) 11. Nce2 O-O 12. Rc1 a5 13. Nf3 Ng6 14. h4 $1 $14 {Bareev,
E-Lputian,S/Luzern 1993/1/2-1/2 (82)}) 9... Bxd3 10. Qxd3 Na6 (10... O-O 11.
Nge2 (11. Nf3 Ng6 12. Rb1 a5 13. a3 a4 14. Qc2 b5 15. O-O Bxg3 16. hxg3 Re8 $11
{1-0 Lauber,A-Kapteina,S/GER-chJ U17 1992 (44)}) 11... Na6 12. a3 Rc8 13. b4
Nc7 14. Rb1 Ne6 15. Na4 b6 16. Nac3 Qd7 $11 {Granda Zuniga,J-Lutz,C/It,
Pamplona ESP 1997/0-1 (63)}) 11. Nf3 Nc7 (11... O-O 12. a3 Nc7 13. b4 b6 $132)
12. O-O O-O 13. Rab1 a5 14. Na4 (14. Qc2 Bxg3 15. hxg3 Nc8 16. a3 Nd6 $11)
14... Ne6 (14... Bxg3 15. hxg3 Nc8 16. Rbc1 Nd6 $11) 15. Rfc1 (15. Bxd6 Qxd6
16. Rfc1 $14) 15... Nc8 $1 16. Nc5 (16. Bxd6 Nxd6 $11) 16... Qe7 (16... Nxc5
17. dxc5 Bxg3 18. hxg3 Ne7 $11) 17. Qc2 Bxg3 (17... Nxc5 18. Bxd6 Nxd6 19. Qxc5
Rfe8 $11) 18. hxg3 Nd6 19. Nd3 (19. Nxe6 fxe6 $11) 19... g6 20. a4 (20. b3 Ne4
21. Qb2 Rfe8 22. a3 $132) 20... Kg7 21. b4 axb4 (21... Nc4 22. Qc3 axb4 23.
Rxb4 Ra7 $11) 22. Rxb4 Ra7 23. Rcb1 Rfa8 24. Qb3 (24. Nd2 h5 $11) 24... h5 25.
Nde5 f6 (25... Nd8 $11) 26. Nd3 g5 27. Kf1 (27. Nc5 b5 28. Qc2 (28. axb5 Nxc5
29. dxc5 Nxb5 30. Nd4 Nxd4 31. exd4 Qe8 $11) 28... Nc7 $11 (28... bxa4 $11))
27... Qf7 (27... b5 $5 $11) 28. Nd2 Qg6 (28... b5 29. axb5 Nxb5 30. Rc1 (30.
Rxb5 cxb5 31. Qxd5 Nc7 $17) 30... Ra3 31. Qb1 R8a6 $11) 29. Nc5 Nxc5 (29... Nd8
$132) 30. dxc5 Nf7 31. e4 $5 (31. g4 hxg4 32. Rxg4 Rh8 $132) 31... Rd8 (31...
Ra5 32. Rc1 dxe4 33. Nxe4 f5 34. Nd6 $14) 32. Rxb7 (32. Kg1 dxe4 (32... Ne5 33.
Rxb7+ Rxb7 34. Qxb7+ Rd7 35. Qc8 $16) 33. Nxe4 Qf5 $11) 32... Rxb7 33. Qxb7
dxe4 34. Nc4 (34. Qb4 $2 e3 $17) 34... Qf5 (34... Rd5 35. Qxc6 e3 36. Qxd5
Qxb1+ 37. Ke2 exf2 38. Kxf2 Qc2+ 39. Ke3 Qxa4 40. c6 Qb3+ $11) 35. Qb4 (35. Nd6
Qd7 $2 (35... Rxd6 36. cxd6 e3 37. Rb2 Qd3+ 38. Ke1 (38. Kg1 e2 $18) 38... Qc3+
(38... exf2+ 39. Rxf2 Qe3+ $11 (39... Qxd6 $132)) 39. Ke2 exf2 40. Kxf2 Qd4+
$11) 36. a5 Kf8 (36... Nxd6 37. cxd6 Kg6 38. Qxd7 Rxd7 39. a6 $18 Ra7 (39...
Kf7 40. Rb7 $18) 40. Rd1 $1 Rd7 41. a7) 37. Qxd7 Rxd7 38. Nxe4 $16) 35... Rd3 (
35... Qe6 36. Ne3 f5 $132) 36. Re1 $5 (36. Kg1 $11) 36... Qe6 $5 (36... Rd4 $5
37. Nd6 $1 (37. Kg1 $2 Qe6 38. Rc1 Ne5 39. Qb7+ Rd7 40. Qb3 Nd3 41. Rc3 Nxc5
$17) 37... Qxf2+ (37... Rxb4 38. Nxf5+ Kf8 39. a5 Ra4 40. Rb1 Ne5 41. Rb8+ Kf7
42. Ra8 Nd3 43. a6 Nxc5 44. a7 Nd3 45. Rh8 Rxa7 46. Rh7+ Kg6 47. Rxa7 Kxf5 48.
Ke2 $11) 38. Kxf2 Rxb4 39. Rxe4 Rxe4 (39... Ne5 40. Rxb4 Nd3+ 41. Ke3 Nxb4 42.
Kd4 Kg6 43. Kc4 Na6 44. a5 f5 $132) 40. Nxe4 Ne5 41. a5 Nd3+ 42. Ke3 Nb4 43.
Nd6 Kg6 $132) 37. Nd6 (37. Ne3 f5 38. Qb2+ Kg6 39. a5 Ne5 (39... Rb3 40. Qa2
Nd8 41. a6 Rb8 42. a7 Ra8 43. Ra1 Qxa2 44. Rxa2 Ne6 45. Nc4 $18) 40. a6 Nc4 41.
Qb8 (41. Nxc4 Qxc4 42. Kg1 Qxa6 (42... Qxc5 43. Rc1 Rb3 (43... Qb5 44. Qh8 $18)
44. Qxb3 Qxc1+ 45. Kh2 Qa1 46. Qe6+ Kg7 47. Qe7+ Kg6 48. a7 $18) 43. Qh8 Qc4
44. Qe8+ $44) 41... Nxe3+ 42. fxe3 (42. Rxe3 Rd1+ 43. Ke2 Ra1 $19) 42... Qc4
$132) 37... Nxd6 38. cxd6 f5 (38... Rxd6 39. Rxe4 Rd1+ 40. Ke2 Qd5 41. Re7+ Kh6
42. Qc3 Rd4 43. a5 Qa2+ 44. Kf1 Rd1+ 45. Re1 Rxe1+ 46. Qxe1 c5 $11) 39. Qb7+
Kg6 40. Qxc6 Rxd6 41. Qc5 Rc6 (41... Rc6 42. Qb5 Rc2 43. Kg1 Ra2 44. a5 $132)
1/2-1/2

[Event "ISR-chT"]
[Site "Israel"]
[Date "1998.01.24"]
[Round "3"]
[White "Tsesarsky, Ilya"]
[Black "Rabinovich, Alexander"]
[Result "0-1"]
[WhiteElo "2425"]
[BlackElo "2425"]
[Annotator "Tsesarsky,I"]
[PlyCount "90"]
[EventDate "1998.01.15"]
[EventType "team-tourn"]
[EventRounds "10"]
[EventCountry "ISR"]
[SourceTitle "CBM 063"]
[Source "ChessBase"]
[SourceDate "1998.03.26"]
[SourceVersion "1"]
[SourceVersionDate "1998.03.26"]
[SourceQuality "1"]

1. Nf3 d5 2. d4 c6 3. c4 dxc4 4. e3 b5 5. a4 e6 6. Nc3 Bb4 7. Bd2 Qe7 8. Qb1 (
8. axb5 Bxc3 9. Bxc3 cxb5 10. d5 Nf6 11. d6 Qb7 12. b3 $5 (12. Bxf6 gxf6 13. g3
(13. Nd4 e5 $17) (13. Qd4 Nd7 14. Be2 a6 15. Qh4 Qd5 16. Rd1 Qf5 17. e4 Qg6 18.
e5 Bb7 19. O-O Nxe5 $17 {1/2-1/2 Vinke,G-Wolf,H/CC-BdF-Meisterkl-Vor 1986 (30)}
) 13... Bd7 14. Qd4 Qxf3 15. Bg2 Qxg2 16. Qxf6 O-O {1/2-1/2 Shirov,A-Bagirov,V/
Riga 1988}) (12. g4 Bd7 13. g5 Ne4 14. Bxg7 Rg8 15. Bh6 Bc6 16. Rg1 Nd7 17. Nd4
Bd5 18. f3 Nec5 19. Be2 $132 {1-0 Werner,C-Dempster,D/cr SF jub 1991 (34)} (19.
e4 $5)) 12... O-O 13. Bxf6 gxf6 14. Qd4 e5 15. Qh4 Kg7 16. bxc4 bxc4 17. Bxc4
Qb4+ 18. Nd2 Qxd6 19. O-O $44 {1-0 Gurevich,M-Malisauskas,V/URS-FL Lvov 1987 
(37)}) (8. Be2 Nf6 $2 (8... Bb7 9. axb5 Bxc3 10. Bxc3 cxb5 11. d5 Nf6 12. d6
Qd8 (12... Qf8 13. Bxf6 gxf6 14. b3 Rg8 15. O-O Qg7 16. g3 $16) 13. Ba5 (13. b3
Ne4 $1 14. Ba5 (14. Bxg7 Rg8 15. Be5 Rxg2 16. Bg3 Qf6 $1 $17 (16... Nc3 17. Qd4
Nxe2 18. Kxe2 Nd7 19. bxc4 $14)) (14. Be5 Nd7 $17) 14... Qxd6 $17) (13. O-O a5
$5 14. b3 Ne4 15. Qc2 O-O 16. bxc4 b4 17. Be5 Nd7 18. Bf4 Ndc5 $15) 13... Qc8
14. O-O O-O 15. b3 Nc6 16. bxc4 bxc4 17. Bc3 Ne4 $17) 9. O-O a6 (9... Bb7 10.
axb5 Bxc3 11. bxc6 Bxb2 12. cxb7 Qxb7 13. Rb1 Ne4 14. Bxc4 $18) (9... Nbd7 10.
Qc2 {[/\ 11.axb5 Bxc3 12.Qxc3 cxb5 13.b3! resp. 12.bxc6]} Nb6 (10... Bb7 11.
axb5 Bxc3 12. bxc6 $16) (10... Bxc3 11. bxc3 (11. Bxc3 O-O $44) 11... a6 12.
Rfb1 Nb6 (12... Bb7 $2 13. Bxc4 $16) 13. Bc1 Nxa4 14. Bxc4 c5 15. Bb3 Nb6 16.
c4 $132) 11. Ne5 $1 (11. axb5 Bxc3 12. bxc3 cxb5 13. Rfb1 a6 14. Bc1 Bb7 15.
Ba3 Qc7 16. Nd2 $44) 11... Bxc3 (11... Bb7 12. a5 {[/\ 13.a6+/-]} Bxc3 13. bxc3
Na4 14. Nxc4 $16) 12. Bxc3 Nxa4 13. Ba5 (13. Nxc6 Qd6 14. Bf3 Bb7 15. Bb4 Qc7
16. Rxa4 Bxc6 17. Bxc6+ Qxc6 18. Ra5 a6 19. b3 Nd5 20. Bc5 $14) 13... Bb7 14.
Nxc4 $14 {1-0 Kottnauer,C-Christoffel,M/Groningen 1946 (25)}) 10. axb5 Bxc3 11.
bxc3 (11. Bxc3 cxb5 12. Be1 (12. b3 b4 $17) 12... Bb7 13. b3 cxb3 14. Qxb3 Nc6
$15) 11... cxb5 12. Bc1 Bb7 13. Ba3 Qc7 14. Nd2 $44) (8. g3 Nf6 9. Bg2 Bb7 10.
O-O a6 11. Ne5 O-O 12. f4 (12. Qe2 Nd5 13. e4 Nc7 14. Rad1 (14. Bf4 c5 $17)
14... f6 15. Ng4 (15. Nf3 c5 $17) 15... c5 $17 16. e5 $4 (16. dxc5 Bxc5 $17)
16... Bxg2 17. exf6 Bxf1 $4 (17... gxf6 18. Kxg2 cxd4 $19) 18. Nh6+ $1 {
1-0 Blees-Tisdall/Kecskemet/SW,27,26 1987} (18. Nh6+ $1 Kh8 19. fxe7) 18...
gxh6 19. Qg4+ Kh8 20. fxe7 Rf7 21. Rxf1 Rxe7 22. dxc5 $18) 12... Rd8 13. Qe2
Nd5 (13... c5 14. dxc5 Bxc5 15. axb5 Bxg2 16. Qxg2 Ra7 17. Nxc4 $132) 14. Nxd5
exd5 15. Bxb4 Qxb4 $15 {1/2-1/2 Rabinovich,A-Bykhovsky,A/Shavuot Masters 1997 
(32)}) 8... a6 9. axb5 Bxc3 10. bxc3 cxb5 11. Bc1 (11. e4 Bb7 12. Bg5 f6 13.
Bc1 Qc7 14. Be2 Ne7 15. O-O O-O 16. Ba3 Re8 17. Rd1 Nd7 18. Ra2 Nf8 19. Ne1
Nfg6 20. g3 f5 21. Bf3 Bxe4 22. Bxe4 fxe4 23. Qxe4 Nd5 $17 {1/2-1/2 Piskov,
Y-Doroshkievich,V/Lvov 1986 (42)}) 11... Bb7 12. Ba3 Qc7 13. Be2 $6 (13. e4 Ne7
14. g3 $1 O-O 15. Bg2 Re8 16. O-O Nd7 17. Qc2 Nf8 18. h4 h6 19. Rfe1 Rad8 $44 {
1/2-1/2 Gulko,B-Bagirov,V/WchT Luzern (USA-LTU) 1993}) 13... Ne7 14. O-O O-O $6
(14... h6 15. Nd2 O-O 16. Ne4 Rd8 17. Nc5 Bc6 18. e4 Ng6 19. g3 Nd7 20. f4 Nxc5
21. Bxc5 Qb7 $17 {1-0 Taimanov,M-Naftalin,S/Tbilisi URS sf 1957 (47)}) (14...
Nbc6 $6 15. Rd1 h6 16. e4 Rd8 17. e5 Nd5 (17... O-O $44) 18. Qc2 Nf4 19. Bf1
Ne7 20. Nd2 f5 21. exf6 gxf6 22. Ne4 Kf7 23. Re1 $132 {0-1 Yrjola,J-Nevanlinna,
R/FIN t-ch 1996 (41)}) 15. Ng5 $5 g6 16. Ne4 Rd8 17. Nc5 Nd5 $2 (17... Bc6 18.
e4 a5 19. Bg4 (19. Qb2 $5) 19... Na6 20. f4 Nxc5 21. Bxc5 f5 22. Bf3 fxe4 23.
Bxe4 Nd5 24. Qe1 $15) 18. Bxc4 $1 $14 Nxc3 19. Qc1 (19. Qb3 $2 Ne4 20. Nxe4 (
20. Bxe6 Nxc5 $19) 20... bxc4 21. Qc2 Bxe4 22. Qxe4 Nd7 23. Rfc1 Rdc8 $15) (19.
Qb2 Nd5 $15 (19... Na4 20. Nxa4 Qxc4 21. Nc5 (21. Nb6 Qc6 $19) 21... Ra7 22.
Rfd1 Qd5 23. e4 $40)) 19... Nd5 $5 (19... bxc4 20. Qxc3 Nd7 21. Qxc4 Nxc5 22.
Bxc5 $14) (19... Nd7 20. Qxc3 Nxc5 21. Bxc5 bxc4 22. Qxc4) 20. Nxe6 $1 fxe6 21.
Bxd5 Qd7 $1 (21... Qxc1 22. Bxe6+ $18) 22. Ba2 (22. Bxb7 Qxb7 23. Qc3 Nd7 24.
Qb3 (24. d5 Qxd5 25. Bb2 (25. Rfd1 Qe5 26. Qc6 Nf6 27. Bd6 Qf5 28. f3 Ne8 29.
e4 Qf7 30. Bg3 (30. Be5 Rdc8 31. Qb6 Qa7 $15) (30. Rxa6 Rxa6 31. Qxa6 e5 32.
Rd5 Qe6 33. Rxe5 $1 Qc4 (33... Qxd6 34. Rxe8+ $18) 34. Qb6 $3 Qe2 35. h3 Qd1+
36. Kf2 (36. Kh2 $2 Qxd6 $1 $17) 36... Qd2+ 37. Kg1 Qd1+ $11) 30... Rdc8 31.
Qb6 Qa7 $15) 25... e5 26. Rfd1 Qe6 27. Qc7 Rac8 28. Qa5 Ra8 29. Qc7 $11) 24...
Qd5 25. Rfb1 $132) 22... Bd5 23. Qd2 $6 (23. Qb2 Nc6 24. Bc5 Bxa2 25. Rxa2 Qd5
(25... Qb7 26. Qb3 Rd5 27. Rfa1 Qc8 28. Qb2 $14) 26. Rfa1) (23. Bb1 $1 Nc6 (
23... e5 $2 24. dxe5 Bxg2 25. e6 $1 (25. Kxg2 Qg4+ 26. Kh1 Qf3+ $11) 25... Qb7
26. e7 $1 Re8 27. Rd1 $18) 24. f4 (24. Rd1 Na5 25. e4 Nb3 26. Qe3 Bc4 (26...
Nxa1 27. exd5 exd5 28. Bb2 $14) 27. Ra2 Nxd4 28. Rad2 e5 $15) (24. Bb2 $1 a5
25. e4 Bc4 26. Rd1 $14) 24... b4 25. Bb2 a5 26. e4 Bb3 27. d5 exd5 28. f5 d4
29. fxg6 hxg6 30. Rf6 Ne7 (30... Ne5 31. Qc5 Qe8 32. Rxa5 (32. Bxd4 Nd7 33. Qg5
Nxf6 34. Qxf6 Rxd4 35. Qxd4 Rd8 $17) 32... Nd7 33. Qxb4 Rab8 (33... Nxf6 34.
Qxb3+ Qf7 35. Qa4 Rxa5 36. Qxa5 Qe8 (36... Qe7 37. Qg5 $16) 37. h3 $5 $14 (37.
e5 Ng4 38. Bxg6 Qe7 39. Bf5 Nxe5 40. Ba3 Qf6 41. Qc7 Nf7 42. Be7 Qxf5 43. Bxd8
Qb1+ 44. Kf2 Qf5+ $11)) 34. Rb5 (34. Qxd4 Nxf6 35. Qxf6 Rd1+ 36. Kf2 Qf7 $19)
34... Rxb5 35. Qxb5 Nxf6 36. Qxb3+ Kg7 $132) 31. Bd3 Rac8 32. Qg5 Bc4 33. Bxc4+
Rxc4 34. Rxa5 $16) 23... Nc6 24. Bb1 $2 (24. Rfb1 $1 $14) 24... a5 $15 25. Bb2
(25. Bc5 $2 Bxg2 $1 26. Kxg2 Qd5+ 27. e4 Qxc5 $19) (25. f4 $6 b4 26. Bb2 a4 27.
e4 Bb3 28. Rf3 Bc4 $17) 25... b4 26. Rc1 (26. f4 a4 27. e4 Bc4 28. Rc1 Nxd4 $19
) 26... a4 27. e4 Bb3 $2 (27... a3 $1 28. exd5 axb2 29. Qxb2 Rxa1 (29... Qxd5
30. Ba2 (30. Rxa8 Rxa8 31. Rc5 Qxd4 $17) 30... Qxd4 31. Bxe6+ Kg7 32. Rab1 Qxb2
33. Rxb2 Nd4 (33... Ne5 34. Rbb1 (34. Rxb4 Nd3 35. Rbb1 (35. Rb7+ Kf6 $19)
35... Nxc1 36. Rxc1 $15) 34... Kf6 35. Bb3 Rd4 $15) 34. Bc4 Rac8 35. Kf1 b3 $15
) 30. dxc6 $1 $16 (30. Qxa1 Qxd5 31. Ba2 Qd6 32. d5 exd5 33. Rd1 Ne7 34. Bb3
Rf8 35. Qa2 Rd8 $15)) 28. d5 $1 $16 (28. Rxc6 Qxc6 29. Qxb4 Rab8 $17) 28...
Rac8 (28... exd5 $2 29. Rxc6 Qxc6 30. Qd4 Kf7 31. Qg7+ Ke6 32. Qxh7 Rg8 33.
exd5+ Bxd5 34. Bxg6 $18) (28... e5 $2 29. Bd3 a3 30. Rxc6 axb2 31. Rxa8 Rxa8
32. Qxb2 $18) 29. Bd3 $1 $138 (29. Qh6 Na5 $1 (29... exd5 30. exd5 Bxd5 31.
Bxg6 hxg6 32. Qxg6+ Kf8 33. Re1 $18) 30. Bd3 exd5 (30... a3 31. Bd4 (31. Bf6
Rf8 32. Rxc8 (32. Bb5 Qf7 33. Rxc8 Rxc8 34. Qh4 exd5 35. Be7 Qg7 36. Bf6 Qb7
$17) 32... Rxc8 33. d6 Bc4 34. Rc1 b3 35. Rc3 a2 36. Qc1 Rf8 37. Bxc4 Nxc4 38.
Rxc4 Rxf6 39. Rc8+ Rf8 40. Rxf8+ Kxf8 $19) 31... Bc4 32. Bxc4 Nxc4 33. Rab1 e5
34. Rxb4 exd4 35. Rbxc4 Rxc4 36. Rxc4 a2 37. Qc1 Rb8 $19) 31. exd5 Bxd5 32.
Bxg6 a3 33. Bf6 hxg6 34. Qxg6+ Kf8 35. Re1 $18) 29... exd5 30. Bb5 $1 (30. Ba6
$6 Rc7 31. Rxc6 Rxc6 32. Qd4 Rc3 (32... Rxa6 33. Qh8+ Kf7 34. Qxh7+ Kf8 35.
Qh8+ Ke7 36. Qg7+ Ke8 $11) 33. Bxc3 bxc3 34. Qxc3 dxe4 35. Bc4+ Bxc4 36. Qxc4+
Kg7 37. h3 e3 38. fxe3 Ra8 $11) 30... a3 31. Bf6 Rf8 32. e5 d4 33. Bxc6 $6 (33.
Rab1 $1 {Rabinovich} Bd5 34. Rxb4 a2 35. Ra1 Bxg2 36. Bxc6 $1 (36. Qxa2+ Bd5
37. Rxd4 Nxd4 38. Bxd7 Bxa2 39. Bxc8 Nf3+ 40. Kg2 Nxe5 41. Bxe5 Bd5+ 42. Kg3
Rxc8 $11) (36. Kxg2 Qd5+ 37. f3 Nxb4 $19) 36... Bxc6 (36... Qxc6 37. Rxd4 $16)
37. Qxa2+ Qd5 38. Qxd5+ Bxd5 39. Rxd4 $16) 33... Rxc6 34. Rxc6 Qxc6 35. Qxb4
Qc3 36. Qxa3 d3 37. h4 $4 $138 (37. Rf1 d2 38. Bg5 Rxf2 39. Kxf2 Qd4+ 40. Be3
d1=N+ 41. Rxd1 Qxd1 42. Qe7 Qc2+ 43. Kg3 Qd3 44. Qg5 $11) (37. Bg5 $1 Rb8 $1 (
37... Re8 38. Rc1 $18) 38. Qc1 (38. Qa5 Qxa5 39. Rxa5 d2 40. Bxd2 Rd8 41. Be1
Rd1 $17) 38... Qxe5 39. Bf4 Qf6 40. Bxb8 Qxa1 41. Qxa1 d2 $11) 37... Qxa1+ 38.
Qxa1 d2 39. Qa7 d1=Q+ 40. Kh2 Bf7 41. Qe3 Be6 42. f3 Ra8 43. h5 Qb1 44. Qc5 Qf5
45. Qe7 Qf4+ (45... Qf4+ 46. Kg1 Bf7 47. hxg6 hxg6 $19) 0-1

[Event "St Petersburg-ch"]
[Site "St Petersburg"]
[Date "1998.04.14"]
[Round "7"]
[White "Aseev, Konstantin N"]
[Black "Popov, Valerij"]
[Result "0-1"]
[WhiteElo "2565"]
[BlackElo "2505"]
[Annotator "Tsesarsky,I"]
[PlyCount "66"]
[EventDate "1998.04.07"]
[EventType "tourn"]
[EventRounds "13"]
[EventCountry "RUS"]
[EventCategory "10"]
[SourceTitle "CBM 065"]
[Source "ChessBase"]
[SourceDate "1998.08.06"]
[SourceVersion "1"]
[SourceVersionDate "1998.08.06"]
[SourceQuality "1"]

1. d4 d5 2. c4 c6 3. Nf3 e6 4. Nc3 dxc4 5. a4 Bb4 6. e3 b5 7. Bd2 a5 8. axb5
Bxc3 9. Bxc3 cxb5 10. b3 Bb7 11. bxc4 b4 12. Bb2 Nf6 13. Bd3 O-O 14. O-O Nbd7
15. Re1 Re8 16. Qc2 (16. Bc2 Qc7 17. e4 $2 (17. c5 Ng4 (17... Red8 $5) 18. e4
e5 19. h3 Ngf6 20. dxe5 Nh5 (20... b3 21. Bb1 $16) 21. Ng5 Nf4 22. Qf3 h6 23.
Nxf7 $18 {1-0 Mah,K-Musson,A/4NCL, Rotherham ENG 1997 (32)}) 17... Qxc4 18. Bd3
Qc7 19. e5 Bxf3 20. Qxf3 Nd5 $17 {0-1 Zakharevich,I-Neverov,V/St.Petersburg
op2 1994 (29)}) (16. e4 $6 Nf8 $6 (16... e5 17. Nxe5 (17. dxe5 Ng4 18. Bf1 (18.
e6 Rxe6 19. g3 (19. Bc2 Nge5 $15) 19... Rd6 20. Qe2 Nc5 21. Bc2 Nd3 (21... a4
$15) 22. Bxd3 Rxd3 $15 {0-1 Alexander,P-Kniest,O/Open, Bled SLO 1998 (27)})
18... Qe7 19. Rc1 Ndxe5 20. Nxe5 Nxe5 21. f4 Rad8 22. Qh5 Qc5+ 23. Kh1 Nd3 24.
Qxc5 Nxc5 $17 {0-1 Scholz,C-Sermier,G/Open, Biel SUI 1997 (29)}) 17... Nxe5 18.
dxe5 Nd7 19. f4 Nc5 20. Bc2 Qxd1 21. Raxd1 a4 $17 {0-1 Aronov,Y-Kobolinja,M/
WchJ-18 Guarapuava 1995 (28)}) 17. e5 N6d7 18. Nd2 Nb6 19. Ne4 Bxe4 20. Rxe4
Qe7 21. Rg4 $14 {1-0 Botsari-Hernandez/Moscow olw 1994 (26)}) 16... Qc7 17. e4
e5 18. c5 exd4 19. Bxd4 h6 (19... Ng4 20. Bc4 Nde5 21. Nxe5 Nxe5 22. Bd5 Bc6
23. Qb3 Rad8 24. Rad1 Rc8 25. h3 Kh8 26. f4 Ng6 27. Bxc6 Qxc6 28. Qxf7 $16 {
1-0 Cramling,P-Ioseliani,N/FIDE Cand (Women), Groningen NED 1997 (35)}) 20. h3
Bc6 $15 21. Nh4 $146 (21. e5 Nd5 22. Be4 {1/2-1/2 Polak,T-Matlak,M/Team
Championships, CZE 1997} Nf4 $15) 21... Ne5 (21... a4 $15) 22. Bf1 (22. Bxe5
Qxe5 23. Nf5 a4 24. Nd6 b3 $17) 22... Nxe4 23. Rxe4 b3 24. Qb1 (24. Qe2 Bxe4
25. Qxe4 Nc6 $15) 24... Bxe4 25. Qxe4 Nc6 26. Qg4 $8 Nxd4 $8 27. Qxd4 a4 $6 $11
(27... Rab8 28. Qd6 b2 29. Rb1 Rec8 30. Qd2 $15) 28. Rxa4 Rxa4 29. Qxa4 Rb8 30.
Qe4 (30. Bd3 Qxc5 31. Qe4 Qc1+ 32. Kh2 Qc7+ 33. f4 g6 34. Nxg6 fxg6 35. Qxg6+
$44) 30... Qxc5 31. Bd3 Kf8 32. Qh7 Ke8 33. Qxg7 b2 $4 $18 {(+) - 0-1 -?} (
33... b2 $4 34. Qh8+ Qf8 35. Qe5+ Kd7 36. Bb5+ Kc8 37. Qc3+ Kd8 38. Qxb2 $18) (
33... Qc1+ 34. Kh2 Qf4+ 35. Qg3 Qxg3+ 36. Kxg3 b2 37. Bb1 Rc8 38. Nf5 Rc1 39.
Be4 Re1 (39... b1=Q 40. Bxb1 Rxb1 41. Nxh6 $11) 40. Bd3 Rd1 $11) 0-1